Descentralización y modernización del estado en la transición

Guardat en:
Dades bibliogràfiques
Autor principal: Martner García, Gonzalo (autor)
Format: Llibre
Idioma:espanyol
Publicat: Santiago Lom 1993
Matèries:
Etiquetes: Afegir etiqueta
Sense etiquetes, Sigues el primer a etiquetar aquest registre!

MARC

LEADER 00000nam a2200000 a 4500
001 UCX8651
003 CL-VaPUC
005 20220921074452.0
008 940418e19930000CL |||||||||||||||||spa|d
999 |c 228091  |d 228089 
040 |c Pontificia Universidad Católica de Valparaíso 
082 0 4 |a 352.007  |b MAR  |2 21 
100 |a Martner García, Gonzalo   |e autor  |9 863445 
245 1 0 |a Descentralización y modernización del estado en la transición 
260 |a Santiago  |b Lom  |c 1993 
300 |a 185 p 
583 |a last modification  |c 19940418 00:00:00  |k Rodrigo Vera 
650 0 |a Descentralización administrativa (administración descentralizada)  |9 255464 
650 0 |a Regionalización   |9 255465 
651 7 |a CHILE  |2 CL-VaPUC  |9 325838 
942 |c BK  |2 ddc 
945 |d 19940418 00:00:00  |a aalvarez 
952 |0 0  |1 0  |4 0  |6 352_007000000000000_MAR_1993  |7 0  |8 A  |9 227696  |a BIBHIS  |b BIBHIS  |d 2019-11-15  |i 2970511  |l 1  |o 352.007 MAR 1993  |p 2970511  |r 2025-01-20  |s 2024-04-11  |w 2019-11-15  |y BK  |k HIS 
952 |0 0  |1 0  |4 0  |6 352_007000000000000_MAR_1993  |7 0  |8 A  |9 227697  |a BIBGIM  |b BIBGIM  |d 2019-11-15  |i 3254879  |o 352.007 MAR 1993  |p 3254879  |r 2025-01-15  |w 2019-11-15  |y BK  |k SSL